000 00972njm a2200265 i 4500
001 005369930
003 BLK
005 20250320090821.0
007 sd ammalaaahaa
008 120116s1974 ru ptnng rus
028 0 2 _aС 0567-8
040 _aBLK
041 _aRUS
_cRUS
080 _aСимфонии
_b785.082.1
_z(086.7)
_x785.082.1(086.72)
100 _9275075
_aСкрябин, Александър Николаевич
245 _aСимфония № 2 до минор, соч. 29
_cА. Скрябин ; Гос. симфонический оркестр СССР, дир. Евгений Светланов
260 _aМосква
_bМелодия
_c1963
300 _a1 грамофонна плоча
_b33 об/мин, стерео
_c30 см
380 _a7
700 _9315710
_aСветланов, Евгений Федорович
852 _aФ ІІ 4051
_bЦб
856 _i0.00
_ldisable
942 _cGPL
_n0
944 _cНора Радева
_k30545
_a30545
_lНора Радева
999 _c529475
_d529475